00633nam a2200169 a 450000100100000000500170001000800410002702000150006804000250008308200140010810000380012224501010016026000520026130000210031395201120033499900170044600004133820201002034813.0131001s1999 ag 000 0 spa d a950586115x aDO-SdBNPbspacBNPHU axxxbxxxx1 aHonorio Rey, Jorge Esteban96798010aSólo de noche se ven las estrellas. :bla escala de Jorge Haddad /cJorge Estaban Honorio Rey. aBuenos Aires, Argentina :bCiudad Nueva,c1999. a126 p. ;c20 cm. 001050718MOaGRbGRcCTd2013-10-01iLF1l0oxxx xxxxp41338-10r2020-06-25w2020-06-25y1ZNo se presta c40828d40828